000 00205nam a22000857a 4500
008 161114b xxu||||| |||| 00| 0 eng d
100 _91187
_aDoshi.D.M.
245 _aScience Today
260 _aNew delhi
_bCP
_c2012
999 _c3869
_d3869